Универсальное оборудование для получения нанопорошков металлов методом ЭВП; Современные техника и технологии; Т. 3
| Parent link: | Современные техника и технологии: сборник трудов XVI Международной научно-практической конференции студентов, аспирантов и молодых ученых, Томск, 12-16 апреля 2010 г/ Национальный исследовательский Томский политехнический университет (ТПУ).— , 2010 Т. 3.— 2010.— [С. 393-394] |
|---|---|
| Κύριος συγγραφέας: | |
| Άλλοι συγγραφείς: | |
| Περίληψη: | Заглавие с титульного листа Электронная версия печатной публикации |
| Γλώσσα: | Ρωσικά |
| Έκδοση: |
2010
|
| Θέματα: | |
| Διαθέσιμο Online: | http://www.lib.tpu.ru/fulltext/c/2010/C01/V1/187.pdf |
| Μορφή: | Ηλεκτρονική πηγή Κεφάλαιο βιβλίου |
| KOHA link: | https://koha.lib.tpu.ru/cgi-bin/koha/opac-detail.pl?biblionumber=237086 |
MARC
| LEADER | 00000nla2a2200000 4500 | ||
|---|---|---|---|
| 001 | 237086 | ||
| 005 | 20231031204817.0 | ||
| 035 | |a (RuTPU)RU\TPU\book\258256 | ||
| 035 | |a RU\TPU\book\258134 | ||
| 090 | |a 237086 | ||
| 100 | |a 20130508d2010 k y0rusy50 ca | ||
| 101 | 0 | |a rus | |
| 102 | |a RU | ||
| 105 | |a y z 101zy | ||
| 135 | |a drnn ---uucaa | ||
| 181 | 0 | |a i | |
| 182 | 0 | |a b | |
| 200 | 1 | |a Универсальное оборудование для получения нанопорошков металлов методом ЭВП |b Электронный ресурс |f М. В. Цыганкова |g науч. рук. Т. В. Некрасова | |
| 203 | |a Текст |c электронный | ||
| 215 | |a 1 файл (285 Кб) | ||
| 230 | |a Электронные текстовые данные (1 файл : 285 Кб) | ||
| 300 | |a Заглавие с титульного листа | ||
| 300 | |a Электронная версия печатной публикации | ||
| 337 | |a Adobe Reader | ||
| 461 | 0 | |0 (RuTPU)RU\TPU\book\245271 |t Современные техника и технологии |o сборник трудов XVI Международной научно-практической конференции студентов, аспирантов и молодых ученых, Томск, 12-16 апреля 2010 г |o в 3 т. |f Национальный исследовательский Томский политехнический университет (ТПУ) |d 2010 | |
| 463 | 0 | |0 (RuTPU)RU\TPU\book\255783 |t Т. 3 |v [С. 393-394] |d 2010 |p [442 с.] | |
| 610 | 1 | |a электронный ресурс | |
| 610 | 1 | |a труды учёных ТПУ | |
| 610 | 1 | |a нанопорошки | |
| 610 | 1 | |a металлы | |
| 610 | 1 | |a получение | |
| 610 | 1 | |a оборудование | |
| 610 | 1 | |a электровзрывные нанопорошки | |
| 610 | 1 | |a электровзрывные установки | |
| 610 | 1 | |a порошковые технологии | |
| 700 | 0 | |a Цыганкова |b М. В. |c специалист в области теоретической и прикладной механики |c ассистент Томского политехнического университета |f 1989- |g Мария Викторовна |2 stltpush |3 (RuTPU)RU\TPU\pers\31406 | |
| 702 | 1 | |a Некрасова |b Т. В. |4 727 | |
| 801 | 1 | |a RU |b 63413507 |c 20130213 | |
| 801 | 2 | |a RU |b 63413507 |c 20131014 |g RCR | |
| 856 | 4 | |u http://www.lib.tpu.ru/fulltext/c/2010/C01/V1/187.pdf | |
| 942 | |c CF | ||